[Event "Titled Tue 26th Aug Early"]
[Site "chess.com INT"]
[Date "2025.08.26"]
[Round "4"]
[White "Erigaisi, Arjun"]
[Black "Zhigalko, Sergei"]
[Result "1-0"]
[WhiteTitle "GM"]
[BlackTitle "GM"]
[WhiteElo "2776"]
[BlackElo "2572"]
[WhiteFideId "35009192"]
[BlackFideId "13502956"]
[EventDate "2025.08.26"]

1. e4 c5 2. Be2 Nc6 3. d3 g6 4. f4 Bg7 5. Nf3 e6 6. O-O Nge7 7. c3 d5 8. Nbd2
O-O 9. Qe1 b5 10. e5 b4 11. Nb3 bxc3 12. Qxc3 f6 13. Nxc5 fxe5 14. fxe5 Qb6 15.
d4 Nf5 16. Bd2 Ncxd4 17. Nxd4 Bxe5 18. Be3 Nxe3 19. Rxf8+ Kxf8 20. Qxe3 Bg7 21.
Ncxe6+ Bxe6 22. Nxe6+ Kg8 23. Qxb6 axb6 24. Nxg7 1-0

[Event "Titled Tue 26th Aug Early"]
[Site "chess.com INT"]
[Date "2025.08.26"]
[Round "4"]
[White "Rustamov, Rustam"]
[Black "Bodemar, Jonathan"]
[Result "1-0"]
[WhiteTitle "FM"]
[BlackTitle "CM"]
[WhiteElo "2310"]
[BlackElo "2154"]
[WhiteFideId "13440110"]
[BlackFideId "6205488"]
[EventDate "2025.08.26"]

1. e4 e6 2. d4 d5 3. Nc3 Nf6 4. Bg5 dxe4 5. Nxe4 Be7 6. Bxf6 gxf6 7. Nf3 f5 8.
Nc5 b6 9. Nb3 Bb7 10. g3 c5 11. Bg2 c4 12. Nbd2 Qc7 13. O-O Nd7 14. c3 O-O 15.
Qe2 Rac8 16. Rfe1 Bf6 17. a4 Rfe8 18. Ne5 Bxg2 19. Kxg2 Bxe5 20. dxe5 Red8 21.
Nf3 Qc6 22. Qe3 Nc5 23. Kg1 Ne4 24. Nd4 Qe8 25. f3 Nc5 26. Qg5+ Kh8 27. Qf6+ Kg8
28. g4 fxg4 29. Kh1 Nd7 30. Qh6 Qf8 31. Qh5 Rc5 32. f4 Kh8 33. Qxg4 Qh6 34. Rg1
Qg6 35. Qf3 Qd3 36. Qg2 Qg6 37. Qb7 Qh5 38. Rg3 Nf8 39. Qe7 Rcd5 40. Qf6# 1-0

[Event "Titled Tue 26th Aug Early"]
[Site "chess.com INT"]
[Date "2025.08.26"]
[Round "4"]
[White "Pertinez Soria, Juan Luis"]
[Black "Swara Lakshmi S Nair"]
[Result "1-0"]
[WhiteTitle "CM"]
[BlackTitle "WCM"]
[WhiteElo "2125"]
[BlackElo "2138"]
[WhiteFideId "2225620"]
[BlackFideId "25629239"]
[EventDate "2025.08.26"]

1. e4 c5 2. Nf3 d6 3. d4 cxd4 4. Nxd4 Nf6 5. Nc3 a6 6. Be3 e5 7. Nb3 Be6 8. Qd2
Be7 9. O-O-O Ng4 10. Kb1 Nxe3 11. Qxe3 Nd7 12. f4 exf4 13. Qxf4 O-O 14. Nd4 b5
15. h4 Qa5 16. Nd5 Bxd5 17. exd5 Bf6 18. Nc6 Qc7 19. g4 Nb6 20. Bg2 Nc4 21. c3
Rfe8 22. Rhe1 Bxh4 23. Rh1 Bf6 24. g5 Re2 25. gxf6 Rxb2+ 26. Ka1 Rxg2 27. Rxh7
Qb6 28. Qh4 gxf6 29. Rh8+ Kg7 30. Qh6# 1-0

[Event "Titled Tue 26th Aug Early"]
[Site "chess.com INT"]
[Date "2025.08.26"]
[Round "4"]
[White "Motola, Jacopo"]
[Black "Buchenau, Frank"]
[Result "1-0"]
[WhiteTitle "FM"]
[BlackTitle "FM"]
[WhiteElo "2333"]
[BlackElo "2205"]
[WhiteFideId "863190"]
[BlackFideId "4604350"]
[EventDate "2025.08.26"]

1. b3 e5 2. Bb2 Nf6 3. Bxe5 Nc6 4. Bb2 d5 5. e3 Bf5 6. Nf3 Bd6 7. Be2 Qe7 8. O-O
O-O-O 9. Nc3 Ne5 10. Nb5 Nxf3+ 11. Bxf3 Be5 12. Bxe5 Qxe5 13. d4 Qe7 14. Nxa7+
Kb8 15. Nb5 g5 16. c4 g4 17. Be2 h5 18. c5 h4 19. Qd2 c6 20. Nd6 Rxd6 21. cxd6
Qxd6 22. b4 Ne4 23. Qe1 g3 24. fxg3 hxg3 25. h3 Bxh3 26. gxh3 Rxh3 27. Bf3 Qh6
28. Qe2 Rh2 29. Bg2 Nc3 30. Qg4 Rxg2+ 31. Kxg2 Qh2+ 32. Kf3 Qe2+ 33. Kf4 Qd3 34.
Kxg3 Qxe3+ 35. Kg2 Ne4 36. Qf4+ 1-0

[Event "Titled Tue 26th Aug Early"]
[Site "chess.com INT"]
[Date "2025.08.26"]
[Round "4"]
[White "Kavyev, Ruslan"]
[Black "Samunenkov, Ihor"]
[Result "0-1"]
[WhiteTitle "FM"]
[BlackTitle "GM"]
[WhiteElo "2179"]
[BlackElo "2548"]
[WhiteFideId "34110981"]
[BlackFideId "14187086"]
[EventDate "2025.08.26"]

1. Nf3 c5 2. c4 Nc6 3. Nc3 e5 4. e3 Nf6 5. d4 e4 6. d5 exf3 7. dxc6 dxc6 8. gxf3
Qe7 9. e4 Be6 10. Be3 g6 11. f4 Bg7 12. e5 Nh5 13. Ne4 O-O 14. Be2 Rfd8 15. Nd6
Nf6 16. Bxc5 b6 17. exf6 Bxf6 18. b4 bxc5 19. bxc5 Bc3+ 20. Kf1 Bh3+ 21. Kg1
Bxa1 22. Bf3 Bd4 23. Bxc6 Rab8 24. Bb5 Bxc5 0-1

[Event "Titled Tue 26th Aug Early"]
[Site "chess.com INT"]
[Date "2025.08.26"]
[Round "4"]
[White "Shubhi Gupta"]
[Black "Atzl, Florian"]
[Result "0-1"]
[WhiteTitle "WFM"]
[BlackTitle "CM"]
[WhiteElo "2213"]
[BlackElo "2146"]
[WhiteFideId "25195425"]
[BlackFideId "1635891"]
[EventDate "2025.08.26"]

1. d4 c5 2. d5 b5 3. e4 b4 4. f4 g6 5. Nf3 Bg7 6. Nbd2 d6 7. Nc4 Nd7 8. Be2 Nb6
9. O-O Nf6 10. Nfd2 O-O 11. Kh1 Ba6 12. Qe1 Nxc4 13. Bxc4 Bxc4 14. Nxc4 Nd7 15.
Rb1 Nb6 16. Ne3 Qc8 17. c3 a5 18. Bd2 Qd7 19. Rf3 Qa4 20. cxb4 axb4 21. Rh3 Qxa2
22. Rd1 Qxb2 23. Qh4 h6 24. Qxe7 Ra1 25. Rxa1 Qxa1+ 0-1

[Event "Titled Tue 26th Aug Early"]
[Site "chess.com INT"]
[Date "2025.08.26"]
[Round "4"]
[White "Di Nicolantonio, Lucas"]
[Black "Pournami S"]
[Result "1-0"]
[WhiteTitle "IM"]
[BlackTitle "WCM"]
[WhiteElo "2409"]
[BlackElo "1753"]
[WhiteFideId "680460"]
[BlackFideId "25732439"]
[EventDate "2025.08.26"]

1. e4 c5 2. Nf3 d6 3. d4 cxd4 4. Nxd4 Nf6 5. Nc3 a6 6. g3 e6 7. Bg2 Be7 8. O-O
O-O 9. Re1 Qc7 10. a4 Nc6 11. Nxc6 bxc6 12. a5 e5 13. Be3 Be6 14. Bb6 Qb7 15.
Na4 Nd7 16. Be3 d5 17. exd5 cxd5 18. c4 e4 19. cxd5 Bxd5 20. Nc3 Bc6 21. Nxe4
Rfe8 22. Bd4 Rad8 23. Qg4 f6 24. Ng5 fxg5 25. Qe6+ Kh8 26. Bxc6 Qc7 27. Qf7 Nf6
28. Bxe8 Rxe8 29. Bxf6 1-0

[Event "Titled Tue 26th Aug Early"]
[Site "chess.com INT"]
[Date "2025.08.26"]
[Round "4"]
[White "Foldes, Marton Gabor"]
[Black "Willim, Michael"]
[Result "1-0"]
[WhiteTitle "FM"]
[BlackTitle "CM"]
[WhiteElo "2293"]
[BlackElo "2023"]
[WhiteFideId "794708"]
[BlackFideId "4632435"]
[EventDate "2025.08.26"]

1. c3 d5 2. d4 Nf6 3. e3 Bf5 4. Nf3 e6 5. Nh4 Bg6 6. Nxg6 hxg6 7. Bd3 c5 8. dxc5
Bxc5 9. c4 Nc6 10. Nc3 Rc8 11. cxd5 Nxd5 12. Nxd5 Qxd5 13. O-O a6 14. Be2 Qe5
15. g3 Rd8 16. Qc2 Bb6 17. Bd2 Nd4 18. Qa4+ Nc6 19. Bc3 Qg5 20. h4 Qh6 21. Bxa6
Bxe3 22. Bxb7 g5 23. Bxc6+ Kf8 24. fxe3 gxh4 25. Qf4 Qg6 26. Be4 Qxg3+ 27. Qxg3
hxg3 28. Rad1 1-0

[Event "Titled Tue 26th Aug Early"]
[Site "chess.com INT"]
[Date "2025.08.26"]
[Round "4"]
[White "Sie, Thu"]
[Black "Petrenko, Maryna"]
[Result "0-1"]
[WhiteTitle "FM"]
[BlackTitle "WFM"]
[WhiteElo "2122"]
[BlackElo "1972"]
[WhiteFideId "13002767"]
[BlackFideId "14197820"]
[EventDate "2025.08.26"]

1. Nf3 d5 2. g3 Nf6 3. Bg2 e6 4. O-O Be7 5. d3 O-O 6. Nbd2 c5 7. e4 Nc6 8. Re1
b5 9. e5 Nd7 10. h4 Qc7 11. Qe2 Bb7 12. Nf1 Rfc8 13. N1h2 Qd8 14. Bg5 h6 15. Bf4
Bf8 16. Ng4 d4 17. Qd2 Rab8 18. Bxh6 gxh6 19. Nxh6+ Bxh6 20. Qxh6 Qf8 21. Qh5
Qg7 22. Re4 Ne7 23. Rg4 Ng6 24. Qg5 Bxf3 25. Bxf3 Ndxe5 26. Be4 Nxg4 27. Qxg4 f5
28. Qh3 fxe4 29. Qxe6+ Kh8 30. Qxe4 Re8 31. Qg4 Rg8 32. Re1 Rbe8 0-1

[Event "Titled Tue 26th Aug Early"]
[Site "chess.com INT"]
[Date "2025.08.26"]
[Round "4"]
[White "Shangin, Lev"]
[Black "Rahman, Masruri"]
[Result "1/2-1/2"]
[BlackTitle "IM"]
[WhiteElo "2186"]
[BlackElo "2407"]
[WhiteFideId "55681085"]
[BlackFideId "7101163"]
[EventDate "2025.08.26"]

1. d4 Nf6 2. c4 e6 3. Nf3 Bb4+ 4. Nbd2 Qe7 5. a3 Bxd2+ 6. Qxd2 d6 7. b4 O-O 8.
Bb2 b6 9. e3 Bb7 10. Be2 Nbd7 11. O-O Ne4 12. Qc2 f5 13. d5 e5 14. Nd2 Nxd2 15.
Qxd2 a5 16. f4 Rae8 17. Rfe1 exf4 18. exf4 Qe3+ 19. Qxe3 Rxe3 20. Bf1 Rb3 21.
Bd4 Kf7 22. Rab1 Rxa3 23. bxa5 Rxa5 24. Re6 Nc5 25. Bxc5 Rxc5 26. Rbe1 Kg8 27.
Re7 Rf7 28. Re8+ Rf8 29. R8e7 Rf7 30. Re8+ Rf8 31. R8e7 1/2-1/2

[Event "Titled Tue 26th Aug Early"]
[Site "chess.com INT"]
[Date "2025.08.26"]
[Round "4"]
[White "Mekhitarian, Krikor Sevag"]
[Black "Fiskaaen, Martin Holten"]
[Result "1-0"]
[WhiteTitle "GM"]
[BlackTitle "FM"]
[WhiteElo "2549"]
[BlackElo "2341"]
[WhiteFideId "2107660"]
[BlackFideId "1550233"]
[EventDate "2025.08.26"]

1. Nf3 d5 2. c4 e6 3. d4 Nf6 4. Nc3 Bb4 5. cxd5 exd5 6. Bf4 O-O 7. e3 Re8 8. Bd3
Nbd7 9. O-O c5 10. a3 Bxc3 11. bxc3 Ne4 12. Rc1 c4 13. Bb1 Qa5 14. Bxe4 dxe4 15.
Nd2 Nb6 16. f3 Bf5 17. fxe4 Bxe4 18. Be5 Bg6 19. Qf3 Qxa3 20. Qxb7 Qa2 21. Rf2
Na4 22. Qb4 Bd3 23. h4 a5 24. Qb7 Qa3 25. Qxf7+ 1-0

[Event "Titled Tue 26th Aug Early"]
[Site "chess.com INT"]
[Date "2025.08.26"]
[Round "4"]
[White "Gbiorczyk, Mikolaj"]
[Black "Araujo Filho, Luiz Antonio Coel"]
[Result "1-0"]
[WhiteTitle "CM"]
[WhiteElo "2070"]
[BlackElo "2077"]
[WhiteFideId "21080763"]
[BlackFideId "2130661"]
[EventDate "2025.08.26"]

1. d4 f5 2. Nc3 d5 3. Bf4 c6 4. g4 fxg4 5. h3 Nf6 6. hxg4 Bxg4 7. Bh3 Qd7 8. Qd3
Na6 9. a3 O-O-O 10. O-O-O Bxh3 11. Nxh3 Ng4 12. f3 e5 13. Bg5 exd4 14. Qxd4 Nf6
15. e4 Bc5 16. Qd3 dxe4 17. Qxd7+ Rxd7 18. Bxf6 gxf6 19. Rxd7 Kxd7 20. Nxe4 Be3+
21. Kd1 f5 22. Ng3 Rf8 23. Ke2 Bb6 24. Ng5 Re8+ 25. Kd1 f4 26. N3e4 Nc5 27. Nf6+ 1-0

[Event "Titled Tue 26th Aug Early"]
[Site "chess.com INT"]
[Date "2025.08.26"]
[Round "4"]
[White "Goldin, Roman"]
[Black "Jin, Ashton"]
[Result "0-1"]
[WhiteTitle "FM"]
[WhiteElo "2284"]
[BlackElo "2196"]
[WhiteFideId "2803860"]
[BlackFideId "30931908"]
[EventDate "2025.08.26"]

1. d4 d5 2. e4 dxe4 3. f3 exf3 4. Qxf3 Nf6 5. Nc3 Nc6 6. Be3 Nxd4 7. Bxd4 Qxd4
8. Bb5+ Bd7 9. Qxb7 Rd8 10. Nf3 Qe3+ 11. Ne2 e6 12. Bxd7+ Nxd7 13. Rd1 Bc5 14.
Rf1 Bb6 15. Rd3 Qc5 16. c3 O-O 17. Qe4 Nf6 0-1

[Event "Titled Tue 26th Aug Early"]
[Site "chess.com INT"]
[Date "2025.08.26"]
[Round "4"]
[White "Shevchenko, Yaroslav"]
[Black "Illingworth, Max"]
[Result "1-0"]
[BlackTitle "GM"]
[WhiteElo "2134"]
[BlackElo "2493"]
[WhiteFideId "34144684"]
[BlackFideId "3205207"]
[EventDate "2025.08.26"]

1. e4 g6 2. Nf3 Bg7 3. d4 d6 4. Nc3 a6 5. a4 b6 6. Be3 e6 7. Qd2 h6 8. h4 Ne7 9.
Bc4 Nd7 10. Bb3 Bb7 11. Rd1 Nf6 12. d5 exd5 13. exd5 Nf5 14. Bf4 O-O 15. O-O Nh5
16. Bh2 Nxh4 17. Nd4 Qg5 18. Qxg5 hxg5 19. Rfe1 Rae8 20. Re4 Nf5 21. Nc6 Rxe4
22. Nxe4 g4 23. c3 Re8 24. Bc2 Kf8 25. Bd3 Ne7 26. Nxd6 cxd6 27. Bxd6 Nf6 28.
Nxe7 Rxe7 29. Re1 Ng8 30. Bxe7+ Nxe7 31. d6 Nc6 32. d7 Bf6 33. Re8+ Kg7 34. Be4
Nd8 35. Bxb7 Nxb7 36. Rb8 Nd8 37. Rxb6 a5 38. b4 Bxc3 39. Rb8 Bf6 40. bxa5 Nc6
41. Rb6 Nxa5 42. Rxf6 1-0

[Event "Titled Tue 26th Aug Early"]
[Site "chess.com INT"]
[Date "2025.08.26"]
[Round "4"]
[White "Al-Tarboush, Ward"]
[Black "Kourkoulos-Arditis, Stamatis"]
[Result "1-0"]
[WhiteTitle "FM"]
[BlackTitle "GM"]
[WhiteElo "2224"]
[BlackElo "2581"]
[WhiteFideId "7601450"]
[BlackFideId "4221990"]
[EventDate "2025.08.26"]

1. e4 d6 2. d4 Nf6 3. Nc3 e5 4. Nf3 Nbd7 5. Bc4 Be7 6. O-O O-O 7. Re1 c6 8. a4
h6 9. b3 Re8 10. Ba3 exd4 11. Qxd4 Ne5 12. Nxe5 dxe5 13. Qxd8 Bxd8 14. Rad1 a6
15. f3 b5 16. Be2 Ba5 17. b4 Bb6+ 18. Kf1 Bd4 19. Rd3 Be6 20. Red1 Red8 21. Bb2
a5 22. bxa5 b4 23. Nb1 c5 24. c3 bxc3 25. Bxc3 Bb3 26. Rc1 Bxa4 27. Be1 Ne8 28.
Nc3 Rxa5 29. Nxa4 Rxa4 30. Rxc5 Ra1 31. Rc2 Rb8 32. Rd1 Rbb1 33. Rxb1 Rxb1 34.
Rc8 Kf8 35. Bd3 Ke7 36. Bxb1 1-0

[Event "Titled Tue 26th Aug Early"]
[Site "chess.com INT"]
[Date "2025.08.26"]
[Round "4"]
[White "Duarte Cramer, Lily Jeanette"]
[Black "Parfenov, Viktor N."]
[Result "0-1"]
[WhiteTitle "WCM"]
[BlackTitle "CM"]
[WhiteElo "1904"]
[BlackElo "2193"]
[WhiteFideId "29620180"]
[BlackFideId "4165969"]
[EventDate "2025.08.26"]

1. d4 d5 2. c4 e6 3. Nc3 Nf6 4. cxd5 exd5 5. Bg5 c6 6. e3 Be6 7. Bd3 h6 8. Bh4
Nbd7 9. Nge2 g5 10. Bg3 Nh5 11. Rc1 Nxg3 12. Nxg3 Nf6 13. Qb3 Qb6 14. Na4 Qxb3
15. axb3 Bb4+ 16. Ke2 h5 17. Nf5 h4 18. h3 Bxf5 19. Bxf5 Ke7 20. Nc5 Bxc5 21.
Rxc5 Kd6 22. b4 a6 23. Rhc1 Rhe8 24. R5c3 Ne4 25. Bxe4 Rxe4 26. f3 Re6 27. Kf2
f5 28. Re1 Rae8 29. Rd1 Kc7 30. Rdd3 f4 31. b3 Kb6 32. Rc5 Rxe3 33. Rxe3 Rxe3
34. Rc1 Rxb3 35. Kg1 Rxb4 36. Rd1 a5 37. Kh2 a4 38. Rd2 Kb5 39. Rc2 b6 40. Rd2
a3 41. Ra2 Rb3 42. Rc2 c5 43. dxc5 bxc5 44. Rd2 d4 45. Re2 Kb4 46. Re8 a2 47.
Ra8 Ra3 48. Rb8+ Kc4 49. Rb2 a1=Q 50. Rc2+ Kd5 51. Re2 Qd1 52. Rb2 Ra1 53. Rb1
Qxb1 0-1

[Event "Titled Tue 26th Aug Early"]
[Site "chess.com INT"]
[Date "2025.08.26"]
[Round "4"]
[White "Garcia, Jhoel"]
[Black "Javakhadze, Zurab"]
[Result "1-0"]
[WhiteTitle "IM"]
[BlackTitle "IM"]
[WhiteElo "2277"]
[BlackElo "2417"]
[WhiteFideId "3801110"]
[BlackFideId "13603647"]
[EventDate "2025.08.26"]

1. e4 c5 2. c3 d5 3. exd5 Qxd5 4. d4 Nf6 5. Nf3 Bg4 6. Be2 e6 7. Na3 cxd4 8. Nb5
Na6 9. Qa4 Nd7 10. Qxa6 bxa6 11. Nc7+ Kd8 12. Nxd5 exd5 13. Nxd4 Bxe2 14. Kxe2
Bc5 15. Be3 Re8 16. Rhd1 Kc7 17. Nf5 g6 18. Nd4 Ne5 19. Nf3 Nc4 20. Rxd5 Nxe3
21. fxe3 Bxe3 22. Rad1 Re7 23. Re5 Rae8 24. Rdd5 Bf4 25. Rxe7+ Rxe7+ 26. Kd3 Bc1
27. b3 Re3+ 28. Kc2 Ba3 29. b4 Re2+ 30. Rd2 Re3 31. Kb3 Bc1 32. Rc2 f5 33. Rxc1
Re2 34. Rc2 Re3 35. Nd4 f4 36. Kc4 g5 37. h3 h5 38. a4 Rg3 39. Re2 g4 40. hxg4
hxg4 41. Ne6+ 1-0

[Event "Titled Tue 26th Aug Early"]
[Site "chess.com INT"]
[Date "2025.08.26"]
[Round "4"]
[White "Droin, Augustin"]
[Black "Gabrielian, Artur"]
[Result "1-0"]
[WhiteTitle "IM"]
[BlackTitle "GM"]
[WhiteElo "2481"]
[BlackElo "2407"]
[WhiteFideId "45105987"]
[BlackFideId "4131002"]
[EventDate "2025.08.26"]

1. e4 c5 2. Nf3 d6 3. d4 cxd4 4. Nxd4 Nf6 5. Nc3 Nc6 6. g3 g6 7. Nxc6 bxc6 8. e5
dxe5 9. Qxd8+ Kxd8 10. Bg2 Ba6 11. Bxc6 Rc8 12. Bg2 Bg7 13. Be3 Rc7 14. O-O-O+
Kc8 15. a4 Kb8 16. h3 Rhc8 17. Rd2 e6 18. Rhd1 Bf8 19. f4 Bb4 20. fxe5 Bxc3 21.
bxc3 Nd5 22. Bxd5 exd5 23. e6 fxe6 24. Bf4 Re8 25. Re1 Bc4 26. Rf2 Re7 27. Bd6
Kb7 28. Rf6 Rf7 29. Rfxe6 Rcd7 30. Bf4 Rf5 31. Kd2 g5 32. Rb1+ 1-0

[Event "Titled Tue 26th Aug Early"]
[Site "chess.com INT"]
[Date "2025.08.26"]
[Round "4"]
[White "Mullodzhanov, Nathaniel"]
[Black "Raghav V"]
[Result "1-0"]
[BlackTitle "FM"]
[WhiteElo "2120"]
[BlackElo "2343"]
[WhiteFideId "30961580"]
[BlackFideId "25922475"]
[EventDate "2025.08.26"]

1. e4 c5 2. Nf3 e6 3. c3 d5 4. exd5 Qxd5 5. d4 Nf6 6. Be3 cxd4 7. cxd4 Bb4+ 8.
Nc3 O-O 9. Bd3 Bd7 10. O-O Bxc3 11. bxc3 Bb5 12. Bxb5 Qxb5 13. Rb1 Qa6 14. Qb3
b6 15. Bg5 Ne4 16. Rfe1 Nxg5 17. Nxg5 h6 18. Nxe6 fxe6 19. Qxe6+ Rf7 20. Qe8+
Rf8 21. Qe4 Nd7 22. Qd5+ Rf7 23. Qxa8+ Nf8 24. Qd5 Qd3 25. Rbd1 Qc2 26. f3 Ng6
27. Re8+ Kh7 28. Qxf7 Qxd1+ 29. Kf2 Qd2+ 30. Kg3 Qg5+ 31. Kf2 Qd2+ 32. Re2 Qxc3
33. Qd5 Qd3 34. Qe4 Qc4 35. h4 h5 36. g4 Kh6 37. gxh5 Nf8 38. Kg2 Nh7 39. Qg6# 1-0

[Event "Titled Tue 26th Aug Early"]
[Site "chess.com INT"]
[Date "2025.08.26"]
[Round "4"]
[White "Ivanov, Alexander"]
[Black "Amarasinghe, A A C B"]
[Result "1-0"]
[WhiteTitle "GM"]
[BlackTitle "CM"]
[WhiteElo "2376"]
[BlackElo "1963"]
[WhiteFideId "2000202"]
[BlackFideId "9901809"]
[EventDate "2025.08.26"]

1. e4 e6 2. d4 d5 3. Nc3 Bb4 4. Bd3 dxe4 5. Bxe4 Nf6 6. Bd3 O-O 7. Nf3 c5 8. a3
Ba5 9. dxc5 Bxc3+ 10. bxc3 Nbd7 11. c6 bxc6 12. O-O Nc5 13. Bg5 h6 14. Bh4 g5
15. Bg3 Nfe4 16. Re1 Nxg3 17. hxg3 Nxd3 18. cxd3 Ba6 19. d4 Bc4 20. Ne5 Bd5 21.
c4 f6 22. Qh5 Qe8 23. Qxh6 fxe5 24. Qxg5+ Kf7 25. cxd5 cxd5 26. Rxe5 Rg8 27.
Qh5+ Kf6 28. Qh4+ Kf7 29. Rae1 Rg6 30. Qh7+ Rg7 31. Qh5+ Kf6 32. Rxe6+ Qxe6 33.
Rxe6+ Kxe6 34. Qe5+ Kf7 35. Qxd5+ 1-0

[Event "Titled Tue 26th Aug Early"]
[Site "chess.com INT"]
[Date "2025.08.26"]
[Round "4"]
[White "Musial, Igor"]
[Black "Gutman, Gennadi"]
[Result "0-1"]
[WhiteTitle "FM"]
[BlackTitle "GM"]
[WhiteElo "2306"]
[BlackElo "2445"]
[WhiteFideId "21858110"]
[BlackFideId "14102277"]
[EventDate "2025.08.26"]

1. e4 c6 2. d4 d5 3. e5 Bf5 4. h4 Qb6 5. Nc3 h6 6. h5 e6 7. Nge2 c5 8. Be3 Nc6
9. dxc5 Bxc5 10. Bxc5 Qxc5 11. Ng3 Bh7 12. f4 Qe3+ 13. Nge2 Nb4 14. Rc1 Bxc2 15.
Rxc2 Nd3+ 16. Qxd3 Qxd3 17. Rd2 Qe3 18. Nb5 O-O-O 19. Nd4 Kb8 20. g4 Rc8 21. Kd1
Qe4 0-1

[Event "Titled Tue 26th Aug Early"]
[Site "chess.com INT"]
[Date "2025.08.26"]
[Round "4"]
[White "Pavlov, Nikolay"]
[Black "Kocharin, Timur"]
[Result "1-0"]
[WhiteTitle "FM"]
[BlackTitle "FM"]
[WhiteElo "2316"]
[BlackElo "2310"]
[WhiteFideId "24141470"]
[BlackFideId "16240936"]
[EventDate "2025.08.26"]

1. e4 c5 2. Nf3 Nc6 3. Bb5 e6 4. O-O Nge7 5. d4 cxd4 6. Nxd4 Qb6 7. Nxc6 bxc6 8.
Be2 Ng6 9. c4 e5 10. Nc3 Be7 11. Rb1 a5 12. Be3 Qc7 13. Na4 Rb8 14. c5 O-O 15.
Nb6 Nf4 16. Bg4 Rd8 17. g3 Ne6 18. Bxe6 dxe6 19. Qe2 Qa7 20. Rfd1 Ba6 21. Qh5 f6
22. Qg4 Kf7 23. h4 g6 24. h5 g5 25. h6 Qc7 26. Kg2 Kf8 27. Qxe6 Be2 28. Rxd8+
Rxd8 29. f3 Rd3 30. Kf2 Bxf3 31. Kxf3 Bxc5 32. Qxf6+ Kg8 33. Nc4 g4+ 34. Ke2
Rxe3+ 1-0

[Event "Titled Tue 26th Aug Early"]
[Site "chess.com INT"]
[Date "2025.08.26"]
[Round "4"]
[White "Liang, Awonder"]
[Black "Dinesh, Rajan M"]
[Result "1-0"]
[WhiteTitle "GM"]
[BlackTitle "CM"]
[WhiteElo "2696"]
[BlackElo "2206"]
[WhiteFideId "2056437"]
[BlackFideId "35060600"]
[EventDate "2025.08.26"]

1. b3 e5 2. Bb2 Nc6 3. e3 Nf6 4. d3 d5 5. Nd2 Bd6 6. a3 O-O 7. h3 Re8 8. g3 a5
9. Bg2 Bf5 10. Ne2 Qd7 11. g4 Bg6 12. Ng3 e4 13. Bxf6 gxf6 14. d4 Ne7 15. h4 h6
16. c4 c5 17. dxc5 Bxg3 18. fxg3 Qc7 19. O-O Qxg3 20. Qe2 Qxh4 21. Rf4 Rec8 22.
Raf1 Ra6 23. b4 axb4 24. axb4 Qg5 25. Nb3 Ra4 26. Nd4 Rxb4 27. Rxf6 Rxc4 28. Qf2
Rc3 29. Rxf7 Re8 30. Kh1 Qxe3 31. Qf6 Bxf7 32. Qxf7+ Kh8 33. Qxe8+ Ng8 34. Qe5+
Kh7 35. Rf7+ Kg6 36. Qg7# 1-0

[Event "Titled Tue 26th Aug Early"]
[Site "chess.com INT"]
[Date "2025.08.26"]
[Round "4"]
[White "Zlatin, Alexander"]
[Black "Pechnikov, Artiom"]
[Result "1-0"]
[WhiteTitle "FM"]
[BlackTitle "CM"]
[WhiteElo "2264"]
[BlackElo "2014"]
[WhiteFideId "2810549"]
[BlackFideId "24104124"]
[EventDate "2025.08.26"]

1. c4 e5 2. b3 Nf6 3. Bb2 Nc6 4. d3 d5 5. Nd2 Bd6 6. g3 O-O 7. Bg2 Be6 8. Ngf3
Qe7 9. O-O Rfe8 10. e4 dxe4 11. dxe4 h6 12. Nh4 Rad8 13. Qe2 Bb4 14. Rad1 Nd7
15. Nf5 Bxf5 16. exf5 Ba3 17. Ba1 Nc5 18. Nb1 Nd7 19. Nxa3 Qxa3 20. Rd5 Nd4 21.
Bxd4 exd4 22. Qd2 c5 23. Rd6 b6 24. Bd5 Nf6 25. Rxf6 gxf6 26. Qxh6 1-0

[Event "Titled Tue 26th Aug Early"]
[Site "chess.com INT"]
[Date "2025.08.26"]
[Round "4"]
[White "Imomkuzieva, Nilufarkhon"]
[Black "Cuellar Montes, Alejandro"]
[Result "1-0"]
[WhiteTitle "WFM"]
[BlackTitle "CM"]
[WhiteElo "2105"]
[BlackElo "2155"]
[WhiteFideId "14216736"]
[BlackFideId "32096836"]
[EventDate "2025.08.26"]

1. e4 d6 2. d4 Nf6 3. Nc3 Nbd7 4. Nf3 e5 5. Rg1 Be7 6. g4 c6 7. g5 Nh5 8. Be3
Nf4 9. Bxf4 exf4 10. h4 Qb6 11. Qd2 Nf8 12. O-O-O Ne6 13. Bc4 Qa5 14. Bxe6 Bxe6
15. d5 Bd7 16. Qxf4 O-O-O 17. Nd4 c5 18. Nf5 Bxf5 19. Qxf5+ Kb8 20. Qxf7 Rde8
21. Qxg7 b5 22. Kb1 b4 23. Ne2 Rhf8 24. f4 Qb5 25. Rge1 Qc4 26. b3 Qxe4 27. Nd4
Qxd5 28. Ne6 Rg8 29. Rxd5 Rxg7 30. Nxg7 Bf6 31. Rxe8+ 1-0

[Event "Titled Tue 26th Aug Early"]
[Site "chess.com INT"]
[Date "2025.08.26"]
[Round "4"]
[White "Gutierrez Carmona, Juan Alejandro"]
[Black "Nassr, Ahmed"]
[Result "1-0"]
[WhiteTitle "FM"]
[BlackTitle "IM"]
[WhiteElo "2036"]
[BlackElo "2153"]
[WhiteFideId "5106770"]
[BlackFideId "7904860"]
[EventDate "2025.08.26"]

1. Nf3 d5 2. d4 Nf6 3. c4 e6 4. Nc3 Be7 5. Bf4 c6 6. e3 Nbd7 7. Qc2 Nh5 8. Be5
Nxe5 9. dxe5 g6 10. a3 O-O 11. g4 Ng7 12. h4 b6 13. h5 c5 14. O-O-O Bb7 15. cxd5
exd5 16. hxg6 fxg6 17. Nxd5 Rxf3 18. Nf6+ Bxf6 19. Rxd8+ Bxd8 20. Bc4+ Ne6 21.
Bxe6+ Kg7 22. Qa4 Rf7 23. Bxf7 Bxh1 24. Qd7 Kh6 25. f4 1-0